000
00277nam a22001337a 4500
008
170612b xxu||||| |||| 00| 0 eng d
020
_a
9780316118040
041
_a
eng
080
_a
328
100
_a
19
101
_a
SHP
245
_a
TAKEOVER
_c
SAVAGE,CH
942
_2
udc
_c
BK
999
_c
16949
_d
16949